[Event "Ruhrgebiet VK2 0708"]
[Site "Germany"]
[Date "2008.02.17"]
[Round "6.8"]
[White "Kullack, Bernd"]
[Black "Granseier, Jens"]
[Result "1/2-1/2"]
[WhiteElo "1961"]
[BlackElo "1621"]
[PlyCount "84"]
[EventDate "2007.09.16"]
[EventType "team-tourn"]
[EventRounds "9"]
[EventCountry "GER"]
[SourceTitle "EXT 2009"]
[Source "ChessBase"]
[SourceDate "2008.11.26"]
[SourceVersion "1"]
[SourceVersionDate "2008.11.26"]
[SourceQuality "1"]
[WhiteTeam "Horst Emscher II"]
[BlackTeam "Unna SV"]
[WhiteTeamCountry "GER"]
[BlackTeamCountry "GER"]

1. f4 Nf6 2. Nf3 d5 3. e3 Bg4 4. b3 e6 5. Bb2 Nbd7 6. Be2 c5 7. 0-0 Be7 8. d3 0-0 9. Nbd2 Qb6 10. c4 a6 11. e4 Rfd8 12. Qc2 Rab8 13. h3 Bxf3 14. Bxf3 d4 15. g4 e5 16. f5 Ne8 17. Bg2 h5 18. Nf3 hxg4 19. hxg4 g5 20. Bc1 Qh6 21. Kf2 Qg7 22. Bd2 Rbc8 23. Rh1 Rc6 24. Qc1 Nef6 25. Bh3 Nh7 26. Rh2 Rh6 27. a3 Rc8 28. Qb2 Rcc6 29. Rb1 b5 30. Qc1 b4 31. a4 a5 32. Qc2 Rb6 33. Rbh1 Rbc6 34. Qd1 Rb6 35. Qg1 Bf8 36. Qc1 Be7 37. Qf1 Rbc6 38. Kg2 Rb6 39. Ng1 Rbc6 40. Ne2 Rb6 41. Ng3 Rbc6 42. Kf3 Qf8 1/2-1/2